| 000 | 00717nam a2200217Ia 4500 | ||
|---|---|---|---|
| 001 | 12403 | ||
| 003 | GE_BSU | ||
| 008 | 181216s||||||||xx |||||||||||||| ||und|| | ||
| 040 | _cGE_BSU | ||
| 080 | _a632 | ||
| 100 | _aЯчевский,А.А. | ||
| 245 | _aБактериозы растении=Bacterial Plant Diseases | ||
| 245 | _cРед.Н.А.Наумов | ||
| 260 | _aМ-Л | ||
| 260 | _bГосиздат | ||
| 260 | _c1935 | ||
| 300 | _a709стр.26см. | ||
| 300 | _eуказатели:Предметный,названии питающих растении,видовых и родовых названии бактерии стр.678 | ||
| 653 | _aБактериозы растении | ||
| 942 | _cBK | ||
| 999 |
_c45577 _d45577 |
||